| 000 | 00882nam0a22002651 4500 | ||
|---|---|---|---|
| 001 | rc\4360308 | ||
| 005 | 20130416141033.9 | ||
| 021 |
_aRU _b[57-64162] |
||
| 035 | _a(NLR Aleph) 008282461 | ||
| 090 |
_a8525059 _c8525059 |
||
| 100 | _a20130416d1957 |||y0rusy50 ca | ||
| 101 | 1 |
_arus _cger |
|
| 102 | _aRU | ||
| 105 | _aa z ||||| | ||
| 200 | 1 |
_aРейнеке Лис _fПер. с нем. Л. Пеньковского _g[Ил.: В. Каульбах] |
|
| 210 |
_aМосква _cГослитиздат _d1957 |
||
| 215 |
_a135 с., 17 л. ил. _d30 |
||
| 700 | 1 |
_aГете _bИ. В. _f1749-1832 _gИоганн Вольфганг _3RU\NLR\auth\771353 |
|
| 702 | 1 |
_aКаульбах _bВ. _4440 |
|
| 702 | 1 |
_aПеньковский _bЛ. М. _gЛев Минаевич _4730 |
|
| 801 | 0 |
_aRU _bNLR _gpsbo |
|
| 801 | 1 |
_aRU _bELAR _2rusmarc |
|
| 852 |
_aNLR _j58-8/156 |
||
| 942 | _cBOOK | ||
| 980 | _aNB | ||